000 00694nam a2200241 a 4500
008 951122s1977||||[C 0 rus c
040 _aSNK
_bslo
_cSNK
_eAACR2
041 1 _aslo
_hrus
080 _a02+002(038)=82=854
080 _a002(038)=82=854
080 _a002(038)=82=854
080 _a801.316.4
080 _a02
080 _a002(038)=82=854
100 1 _4aut
_aFilkusová, M.
245 1 0 _aRusko-slovenský slovensko-ruský vreckový slovník
_cViera Šimová, Marta Nálevková ; Ján Andel
260 _c1977
_eMartin
_fTlačiarne SNP
_bSPN
_aBratislava
700 1 _aNálevková, Marta
_4aut
700 1 _aAndel, Ján
_4bkd
044 _axo
_cSK
020 _c29
958 _aA
999 _c19212
_d19212